<?xml version="1.0" encoding="UTF-8"?>
<marc:record xmlns:marc="http://www.loc.gov/MARC21/slim">
   <marc:leader>00000nam a2200000 a 4500</marc:leader>
   <marc:datafield ind1="1" ind2=" " tag="100">
      <marc:subfield code="a">Bär, Frank P.</marc:subfield>
      <marc:subfield code="4">aut</marc:subfield>
      <marc:subfield code="e">Verfasser/-in</marc:subfield>
   </marc:datafield>
   <marc:datafield ind1="0" ind2="0" tag="245">
      <marc:subfield code="a">Musikinstrumente</marc:subfield>
   </marc:datafield>
   <marc:datafield ind1="0" ind2="0" tag="245">
      <marc:subfield code="c">Frank P. Bär</marc:subfield>
   </marc:datafield>
   <marc:datafield ind1=" " ind2="1" tag="264">
      <marc:subfield code="a">Nürnberg</marc:subfield>
      <marc:subfield code="b">Tessloff</marc:subfield>
      <marc:subfield code="c">2003</marc:subfield>
   </marc:datafield>
   <marc:datafield ind1="1" ind2=" " tag="490">
      <marc:subfield code="a">Was ist Was</marc:subfield>
      <marc:subfield code="v">116</marc:subfield>
   </marc:datafield>
   <marc:datafield ind1=" " ind2=" " tag="250">
      <marc:subfield code="a">M.Ill.</marc:subfield>
   </marc:datafield>
   <marc:datafield ind1="1" ind2=" " tag="520">
      <marc:subfield code="a">Tauch ein in die Wunderwelt der Klänge und Töne!Musikinstrumente sind Werkzeuge der Magie. Wer ein Musikinstrument spielt, kann damit Dinge ausdrücken, für die die Sprache nicht mehr ausreicht. So verschieden Material und Gestalt von Musikinstrumenten sind, so unterschiedlich klingen sie auch. Wir erklären, wie Musikinstrumente zu ihrem Klang kommen, warum die Tuba so dick ist und warum das Akkordeon Falten hat.</marc:subfield>
   </marc:datafield>
   <marc:datafield ind1=" " ind2=" " tag="020">
      <marc:subfield code="a">3788615036</marc:subfield>
      <marc:subfield code="9">3788615036</marc:subfield>
   </marc:datafield>
   <marc:datafield ind1=" " ind2=" " tag="300">
      <marc:subfield code="a">48 S.</marc:subfield>
   </marc:datafield>
</marc:record>
